Histoire du dogme catholique: pendant les trois premieres siecles de l'eglise et jusq'au Concile de Nicée

Spremljeno u:
Bibliografski detalji
Glavni autor: Ginoulhiac, Jacques-Marie-Achille (Autor)
Format: Knjiga
Jezik:francuski
Izdano: París August Durand 1852
Izdanje:1a. ed
Teme:
Oznake: Dodaj oznaku
Bez oznaka, Budi prvi tko označuje ovaj zapis!

MARC

LEADER 00000cam a2200000 a 4500
001 UCD2434
003 CL-VaPUC
008 160428e18520000fr |||||||||||||||||fre|d
082 0 4 |a 231  |b GIN  |2 21 
100 0 |a Ginoulhiac, Jacques-Marie-Achille  |e author  |9 585784 
245 1 0 |a Histoire du dogme catholique: pendant les trois premieres siecles de l'eglise et jusq'au Concile de Nicée 
250 |a 1a. ed 
300 |a t 
942 |c BK 
945 |d 20160428 21:50:00  |a dcastane 
260 |a París  |b August Durand  |c 1852 
650 7 |a DOGMA  |2 CL-VaPUC  |9 330447 
650 0 |a Historia de la iglesia   |9 257565 
650 7 |a CONCILIO DE NICEA  |2 CL-VaPUC  |9 432915 
583 |a last modification  |c 20160428 21:50:00  |k Rodrigo Vera 
999 |c 363596  |d 363594 
952 |0 0  |1 0  |3 erd  |4 0  |6 231_000000000000000_GIN_1852  |7 0  |8 X  |9 476112  |a BIBTEO  |b BIBTEO  |c TEO_FFR  |h t.1  |i 5227550  |o 231 GIN 1852  |p 5227550  |r 2024-01-18  |w 2019-11-24  |y BK_X  |z Catalogado en:20160428  |k OFM 
952 |0 0  |1 0  |3 erd  |4 0  |6 231_000000000000000_GIN_1852  |7 0  |8 X  |9 476113  |a BIBTEO  |b BIBTEO  |c TEO_FFR  |h v.2  |i 5227569  |o 231 GIN 1852  |p 5227569  |r 2024-01-18  |w 2019-11-24  |y BK_X  |z Catalogado en:20160428  |k OFM